| Tag |
First Indicator |
Second Indicator |
Subfields |
| LEADER |
00000cgm a2200000 a 4500 |
| 001 |
in00001402844 |
| 005 |
20151020053047.0 |
| 007 |
vf bbahou |
| 008 |
851031p19961927ctu131 g vleng d |
| 028 |
4 |
2 |
|a 32
|b Video Images
|
| 035 |
|
|
|a (OCoLC)12744260
|
| 035 |
|
|
|9 AHM6873AM
|
| 040 |
|
|
|a VVS
|c VVS
|d TXA
|d UtOrBLW
|
| 049 |
|
|
|a TXAM
|
| 090 |
|
|
|a PN1995.9.S26
|b M47 1996
|
| 130 |
0 |
|
|a Metropolis (Motion picture : 1927)
|
| 245 |
1 |
0 |
|a Metropolis /
|c UFA Films ; producer, Giorgio Moroder ; director, Fritz Lang ; script by Thea von Harbou.
|
| 264 |
|
1 |
|a Sandy Hook, Conn. :
|b Video Images,
|c [1996]
|
| 264 |
|
4 |
|c ©1996
|
| 300 |
|
|
|a 1 videocassette (139 min.) :
|b sound, black and white ;
|c 1/2 in.
|
| 336 |
|
|
|a two-dimensional moving image
|b tdi
|2 rdacontent
|
| 337 |
|
|
|a video
|b v
|2 rdamedia
|
| 338 |
|
|
|a videocassette
|b vf
|2 rdacarrier
|
| 538 |
|
|
|a VHS.
|
| 546 |
|
|
|a Silent with English subtitles and musical background.
|
| 511 |
1 |
|
|a Brigette Helm, Alfren Abel, Gustav Frohlich, Rudolf Klein-Rogge.
|
| 508 |
|
|
|a Photography, Karl Freund and Gunther Rittau ; music, Gottfried Huppertz.
|
| 500 |
|
|
|a Based on the novel by Thea von Harbou.
|
| 500 |
|
|
|a Videocassette release of the 1927 motion picture.
|
| 520 |
|
|
|a Futuristic fantasy about the horrors of a mechanized Utopia.
|
| 500 |
|
|
|a Videorecording.
|
| 655 |
|
7 |
|a Science fiction films.
|2 lcgft
|
| 655 |
|
7 |
|a Silent films.
|2 lcgft
|
| 655 |
|
0 |
|a Foreign films.
|
| 655 |
|
0 |
|a Motion pictures, German.
|
| 655 |
|
7 |
|a Feature films.
|2 lcgft
|
| 700 |
1 |
|
|a Lang, Fritz,
|d 1890-1976.
|
| 700 |
1 |
|
|a Helm, Brigitte,
|d 1908-1996.
|
| 700 |
1 |
|
|a Abel, Alfred.
|
| 700 |
1 |
|
|a Fröhlich, Gustav.
|
| 700 |
1 |
|
|a Klein-Rogge, Rudolf.
|
| 700 |
1 |
|
|a Harbou, Thea von,
|d 1888-1954.
|t Metropolis.
|
| 710 |
2 |
|
|a UFA (Firm)
|
| 710 |
2 |
|
|a Video Images (Firm)
|
| 999 |
|
|
|a MARS
|
| 999 |
f |
f |
|s cf0dbb60-c786-310c-9f12-0d9e5d059f1a
|i 3c060f0f-80c0-3ba2-80eb-a32fb03836ab
|t 0
|
| 952 |
f |
f |
|p ric
|a Texas A&M University
|b Rellis Campus
|c Joint Library Facility
|d Remote Storage
|t 0
|e PN1995.9.S26 M47 1996
|h Library of Congress classification
|i video -- videocassette
|m A14826190618
|
| 998 |
f |
f |
|a PN1995.9.S26 M47 1996
|t 0
|l Remote Storage
|